00807nam a2200289Ia 4500001000700000003000500007008004100012010001100053040000900064082001300073100002900086245010000115260003400215300002000249440000500269500000500274503001000279650002100289650004900310901001300359902000600372910000900378942000600387942000700393999001900400952009800419Z_1031CHAP220113s1975 xx 000 0 und d a164111 cCHAP a301.3 B6 aBoughey, Arthur S914743 aAn introduction to human ecology and evolution man and the environment /cby Arthur S. Boughey aNew York :bMacmillan,c1975 a576 p. : bilus a a a62272 aEcologia humana  aHombrexInfluencia del medio ambiente956040 a301.3 B6 aA a1975 c1 cc1 c164111d164111 00102ddc40708GRALaZbZc3d2005-11-09pz_1081r2022-01-18 00:00:00t1w2022-01-18yLIBRO